Tertulias de rebotica : (Record no. 16394)

MARC details
000 -LEADER
campo de control de longitud fija 01422nam a2200313 i 4500
001 - NÚMERO DE CONTROL
campo de control 16394
003 - IDENTIFICADOR DE NÚMERO DE CONTROL
campo de control ES-MaACL
005 - FECHA Y HORA DE LA ÚLTIMA TRANSACCIÓN
campo de control 20231214140845.0
007 - CAMPO FIJO DE DESCRIPCIÓN FÍSICA--INFORMACIÓN GENERAL
campo de control de longitud fija t|
008 - DATOS DE LONGITUD FIJA--INFORMACIÓN GENERAL
campo de control de longitud fija 000907s1996 sp ao 00110 spa d
020 ## - NÚMERO INTERNACIONAL ESTÁNDAR DEL LIBRO
Número Internacional Estándar del Libro 84-605-3069-8
080 ## - NÚMERO DE LA CLASIFICACIÓN DECIMAL UNIVERSAL
Número de la Clasificación Decimal Universal 061.21(460.27 M.) Ateneo
080 ## - NÚMERO DE LA CLASIFICACIÓN DECIMAL UNIVERSAL
Número de la Clasificación Decimal Universal 008(460.27 M.)
245 00 - MENCIÓN DEL TÍTULO
Título Tertulias de rebotica :
Resto del título (1990-1994) testimonio /
Mención de responsabilidad, etc. Daniel Pacheco Fernández [coordinador] ; [prólogo, Juan Manuel Reol].
260 ## - PUBLICACIÓN, DISTRIBUCIÓN, ETC.
Lugar de publicación, distribución, etc. Madrid :
Nombre del editor, distribuidor, etc. Ateneo de Madrid :
-- Química Farmacéutica Bayer,
Fecha de publicación, distribución, etc. [1996]
300 ## - DESCRIPCIÓN FÍSICA
Extensión 213 p. :
Otras características físicas il., fot. ;
Dimensiones 24 cm.
500 ## - NOTA GENERAL
Nota general Índices.
505 2# - NOTA DE CONTENIDO CON FORMATO
Nota de contenido con formato Alquimia y esoterismo . Homenaje a León Felipe . Pío Baroja y los farmacéuticos . V centenario . Homenaje a Carlos Pérez-Accino . Horizontes de la licenciatura de farmacia . Farmacéuticos en el arte . Relación cronológica de actividades organizadas por la Sección de Farmacia o en colaboración con otras secciones del Ateneo de Madrid
597 ## - NOTA DE DESCRIPCIÓN FÍSICA
NOTA DE DESCRIPCIÓN FÍSICA Texto a dos columnas.
599 ## - NOTA A LAS ILUSTRACIONES
NOTA A LAS ILUSTRACIONES Fotos de las tertulias.
610 24 - PUNTO DE ACCESO ADICIONAL DE MATERIA--NOMBRE DE ENTIDAD CORPORATIVA
Nombre de entidad corporativa o nombre de jurisdicción como elemento de entrada Ateneo de Madrid.
Unidad subordinada Sección de Farmacia.
9 (RLIN) 1991
700 1# - ENTRADA AGREGADA--NOMBRE PERSONAL
Nombre de persona Pacheco Fernández, Daniel
9 (RLIN) 88132
700 1# - ENTRADA AGREGADA--NOMBRE PERSONAL
Nombre de persona Reol, Juan Manuel.
9 (RLIN) 96251
710 2# - ENTRADA AGREGADA--NOMBRE DE ENTIDAD CORPORATIVA
Nombre de entidad corporativa o nombre de jurisdicción como elemento de entrada Ateneo de Madrid.
Unidad subordinada Sección de Farmacia.
9 (RLIN) 1991
710 2# - ENTRADA AGREGADA--NOMBRE DE ENTIDAD CORPORATIVA
Nombre de entidad corporativa o nombre de jurisdicción como elemento de entrada Ateneo de Madrid.
9 (RLIN) 1875
710 2# - ENTRADA AGREGADA--NOMBRE DE ENTIDAD CORPORATIVA
Nombre de entidad corporativa o nombre de jurisdicción como elemento de entrada Química Farmacéutica Bayer.
9 (RLIN) 172755
852 ## - LOCALIZACIÓN
Ubicación ES-MaACL
Número de control de estantería L-23619
Holdings
Estatus retirado Estado de pérdida Estado de daño No para préstamo Colección Biblioteca de origen Biblioteca actual Ubicación en estantería Fecha de adquisición Fuente de adquisición Total de préstamos Signatura topográfica completa Código de barras Visto por última vez Precio de reemplazo Tipo de ítem Koha
        Fondo Ateneo de Madrid Biblioteca del Ateneo de Madrid Biblioteca del Ateneo de Madrid Depósito 2 17/01/2008     L-23619 1016656 23/02/2023 23/02/2023 Libro impreso